| 000 | 00787cam a2200193 4500 | ||
|---|---|---|---|
| 001 | WS124028 | ||
| 008 | 031024n 000 0 eng u | ||
| 035 | _a(Sirsi) u124028 | ||
| 110 |
_aSociety for Computers and Law _94543 |
||
| 245 | _aSociety for Computers and Law | ||
| 520 | _aWeb site for this organisation which encourages and develops law-relatd information technology and IT-related law. Includes pages of news and details of the IT in Property Group. Also includes a link to their journal 'SCL Magazine'. | ||
| 650 | _aMANAGEMENT-BUSINESS MANAGEMENT-INFORMATION MANAGEMENT | ||
| 650 | _aORGANISATION | ||
| 650 | _aLEGISLATION | ||
| 650 | _aPROPERTY LAW | ||
| 690 | _aLAW | ||
| 856 | 4 | 0 |
_uhttps://www.scl.org _zView the website free of charge at www.scl.org... |
| 942 | _n0 | ||
| 999 |
_c120354 _d120354 |
||